| 000 | 00441nam a2200145Ia 4500 | ||
|---|---|---|---|
| 008 | 240729s9999 xx 000 0 und d | ||
| 022 | _a2413-3221 | ||
| 245 | 0 | _aSouth African Journal of Agricultural Extension | |
| 260 | _aSouth Africa | ||
| 260 | _bSASAE - South African Society for Agricultural Extension | ||
| 650 | _aAgriculture | ||
| 856 | _uhttps://doaj.org/toc/e509140cc8114f6da916b7cdd9515b0f | ||
| 942 | _2ddc | ||
| 942 | _cDOAJEJ | ||
| 999 |
_c66540 _d66540 |
||
| 945 |
_a1 _bMadushi Gamage _c1 _dMadushi Gamage |
||